Global Peace Index -- bottom 20 - Statistics

General Stats
  • This quiz has been taken 199 times
    19 since last reset
  • The average score is 15 of 20
Answer Stats
Answer % Correct
Afghanistan
94%
Yemen
94%
Democratic Republic of the Congo
88%
Iraq
88%
Russia
88%
South Sudan
88%
Pakistan
81%
Sudan
81%
Syria
81%
Ukraine
81%
Somalia
75%
Israel
69%
Mali
69%
North Korea
69%
Myanmar
63%
Central African Republic
56%
Nigeria
56%
Burkina Faso
50%
Turkey
44%
Palestine
38%
No matching quizzes found
Score Distribution
Percent of People with Each Score
Percentile by Number Answered
Your Score History
You have not taken this quiz since the last reset